logo

Bir Sreshtho Munshi Abdur Rouf Library
Jhenaidah Cadet College

বিতর্ক চিন্তন / (Record no. 3884)

MARC details
000 -LEADER
fixed length control field 00678nam a2200229 a 4500
001 - CONTROL NUMBER
JCCL Control Number 3884
003 - CONTROL NUMBER IDENTIFIER
JCCL marc code BD-JhCC
005 - DATE AND TIME OF LATEST TRANSACTION
control field 20190416134017.0
008 - FIXED-LENGTH DATA ELEMENTS--GENERAL INFORMATION
fixed length control field 171119s1996 bg |||| |||| 000 0 ben d
020 ## - INTERNATIONAL STANDARD BOOK NUMBER
International Standard Book Number 9848141111
035 ## - SYSTEM CONTROL NUMBER
system control number (BD-JhCC) 3884
040 ## - CATALOGING SOURCE
Original cataloging agency BD-JhCC
Modifying agency BD-JhCC
041 ## - LANGUAGE CODE
Language code of Book ben
082 ## - DEWEY DECIMAL CLASSIFICATION NUMBER
Classification number 808.53
Author mark and Year PAL 1996
100 ## - MAIN ENTRY--PERSONAL NAME
Personal name পাল, বিরূপাক্ষ
245 ## - TITLE STATEMENT
Title বিতর্ক চিন্তন /
Statement of responsibility, etc বিরূপাক্ষ পাল
260 ## - PUBLICATION, DISTRIBUTION, ETC. (IMPRINT)
Place of publication, distribution, etc ঢাকা :
Name of publisher, distributor, etc পড়ুয়া,
Date of publication, distribution, etc ১৯৯৬.
300 ## - PHYSICAL DESCRIPTION
Pagination ৬৪ পৃ. :
Dimensions ২১ সেমি.
650 ## - SUBJECT ADDED ENTRY--TOPICAL TERM
Topical term or geographic name as entry element Debate and debating
942 ## - ADDED ENTRY ELEMENTS (KOHA)
Source of classification or shelving scheme Dewey Decimal Classification
Koha item type Books
Koha issues (borrowed), all copies 2
Holdings
Source of classification or shelving scheme Damaged status Not for loan Home library Current library Shelving location Date of accession Source of acquisition Cost, normal purchase price Total Checkouts Full call number Barcode Date last seen Date checked out Copy number Koha item type
Dewey Decimal Classification     JCC Rouf Library JCC Rouf Library General Stacks 11/19/2017 Md. Nasser shahrear Zahedee 50.00 1 808.53 PAL 1996 3844 04/21/2019 04/15/2019 C-1 Books
Dewey Decimal Classification     JCC Rouf Library JCC Rouf Library General Stacks 02/19/2018 Md. Nasser Shahrear Zahedee 50.00   808.53 PAL 1996 10672 02/19/2018   C-2 Books
Dewey Decimal Classification     JCC Rouf Library JCC Rouf Library General Stacks     50.00   808.53 PAL 1996 10635 02/20/2018   C - 3 Books

JCC Library | Contacts | JCC Home

Last Update on 23 September 2017
Copyright @ 2017-2020 JCC Rouf Library
Rouf Library, Jhenidah Cadet College (JCC), Bangladesh